Datum a čas kvízu
25.5
Celkem bodů
Celkový počet nahraných bodů na tomto kvízu bez doplňovacích otázek.
9.
Pořadí na kvízu
Konečné umístění týmu na tomto kvízu.
Zaznamenané odpovědi
| # | Otázka | Odpověď | Body | Výsledky |
|---|---|---|---|---|
| 1. | Muž jménem Martin Vondrášek se... | policejní prezident | 1 | |
| 2. | Ve které evropské zemi začaly... | v Maďarsku, též Srbsku | 1 | |
| 3. | Na tradičním slavnostním cerem... | V rytmu srdce, Chris Rock | 0.5 | |
| 4. | Česká národní banka vydala min... | Karel Engliš | 1 | |
| 5. | Jak se jmenuje nová světová je... | Iga Świąteková | 0 | |
| 6. | Operace Iceberg (česky Ledovec... | na ostrově Okinawa | 1 | |
| 7. | Desková hra Krycí jména vydaná... | Vladimír „Vlaada“ Chvátil | 1 | |
| 8. | Od 29. prosince 1941 do 18. če... | Jan Kubiš a Jozef Gabčík | 1 | |
| 9. | Krycí jméno U.N.C.L.E. je film... | Alicia Vikander, Švédsko | 0 | |
| 10. | Pravá identita italské spisova... | Elena Ferrante | 0 |